| 000 -LEADER |
| fixed length control field |
01644cam a2200409 a 4500 |
| 001 - CONTROL NUMBER |
| control field |
12787991 |
| 003 - CONTROL NUMBER IDENTIFIER |
| control field |
MAJU-Karachi |
| 005 - DATE AND TIME OF LATEST TRANSACTION |
| control field |
20220720110418.0 |
| 008 - FIXED-LENGTH DATA ELEMENTS--GENERAL INFORMATION |
| fixed length control field |
020524r20021972enk b 001 0 eng |
| 010 ## - LIBRARY OF CONGRESS CONTROL NUMBER |
| LC control number |
2002067999 |
| 020 ## - INTERNATIONAL STANDARD BOOK NUMBER |
| International Standard Book Number |
0415287529 |
| 020 ## - INTERNATIONAL STANDARD BOOK NUMBER |
| International Standard Book Number |
0415287537 (pbk.) |
| 035 ## - SYSTEM CONTROL NUMBER |
| System control number |
(OCoLC)ocm50022902 |
| 040 ## - CATALOGING SOURCE |
| Original cataloging agency |
DLC |
| Transcribing agency |
DLC |
| Modifying agency |
C#P |
| -- |
NLGGC |
| -- |
BAKER |
| -- |
DLC |
| 041 1# - LANGUAGE CODE |
| Language code of text/sound track or separate title |
eng |
| Language code of original and/or intermediate translations of text |
fre |
| 050 00 - LIBRARY OF CONGRESS CALL NUMBER |
| Classification number |
B2430.F723 |
| Item number |
A7313 2002 |
| 082 00 - DEWEY DECIMAL CLASSIFICATION NUMBER |
| Classification number |
001.2 |
| Edition number |
21 |
| Item number |
10432 |
| 084 ## - OTHER CLASSIFICATION NUMBER |
| Classification number |
001.2 |
| Source of number |
ddc |
| 100 1# - MAIN ENTRY--PERSONAL NAME |
| Personal name |
Foucault, Michel, |
| Dates associated with a name |
1926-1984. |
| 240 10 - UNIFORM TITLE |
| Uniform title |
<a href="Archéologie du savoir.">Archéologie du savoir.</a> |
| Language of a work |
English |
| 245 10 - TITLE STATEMENT |
| Title |
Archaeology of knowledge / |
| Statement of responsibility, etc |
Michel Foucault ; translated by A.M. Sheridan Smith. |
| 260 ## - PUBLICATION, DISTRIBUTION, ETC. (IMPRINT) |
| Place of publication, distribution, etc |
London ; |
| -- |
New York : |
| Name of publisher, distributor, etc |
Routledge, |
| Date of publication, distribution, etc |
2002. |
| 300 ## - PHYSICAL DESCRIPTION |
| Extent |
vi, 239 p. ; |
| Dimensions |
21 cm. |
| 440 #0 - SERIES STATEMENT/ADDED ENTRY--TITLE |
| Title |
Routledge classics |
| 500 ## - GENERAL NOTE |
| General note |
English ed. originally published: London : Tavistock Publications, 1972. |
| 500 ## - GENERAL NOTE |
| General note |
Translation of: Archéologie du savoir. |
| 504 ## - BIBLIOGRAPHY, ETC. NOTE |
| Bibliography, etc |
Includes bibliographical references and index. |
| 650 #0 - SUBJECT ADDED ENTRY--TOPICAL TERM |
| Topical term or geographic name as entry element |
Knowledge, Sociology of. |
| 650 #0 - SUBJECT ADDED ENTRY--TOPICAL TERM |
| Topical term or geographic name as entry element |
Power (Social sciences) |
| 650 #0 - SUBJECT ADDED ENTRY--TOPICAL TERM |
| Topical term or geographic name as entry element |
Discourse analysis. |
| 856 41 - ELECTRONIC LOCATION AND ACCESS |
| Materials specified |
Table of contents only |
| Uniform Resource Identifier |
<a href="http://www.loc.gov/catdir/toc/fy0614/2002067999.html">http://www.loc.gov/catdir/toc/fy0614/2002067999.html</a> |
| 856 42 - ELECTRONIC LOCATION AND ACCESS |
| Materials specified |
Publisher description |
| Uniform Resource Identifier |
<a href="http://www.loc.gov/catdir/enhancements/fy0650/2002067999-d.html">http://www.loc.gov/catdir/enhancements/fy0650/2002067999-d.html</a> |
| 856 42 - ELECTRONIC LOCATION AND ACCESS |
| Materials specified |
Contributor biographical information |
| Uniform Resource Identifier |
<a href="http://www.loc.gov/catdir/enhancements/fy1113/2002067999-b.html">http://www.loc.gov/catdir/enhancements/fy1113/2002067999-b.html</a> |
| 906 ## - LOCAL DATA ELEMENT F, LDF (RLIN) |
| a |
7 |
| b |
cbc |
| c |
orignew |
| d |
1 |
| e |
ocip |
| f |
20 |
| g |
y-gencatlg |
| 942 ## - ADDED ENTRY ELEMENTS (KOHA) |
| Source of classification or shelving scheme |
|
| Koha item type |
Books |